000 01288nam a2200325Ia 4500
001 ebr10661728
003 CaPaEBR
006 m u
007 cr cn|||||||||
008 090202s2009 nyua sb 001 0 eng d
010 _z 2009004500
020 _z9781607410690 (hardcover : alk. paper)
020 _z9781608769209
040 _aCaPaEBR
_cCaPaEBR
035 _a(OCoLC)847646952
050 1 4 _aTJ812
_b.S62 2009eb
082 0 4 _a621.47/2
_222
245 0 0 _aSolar collectors
_h[electronic resource] :
_benergy conservation, design, and applications /
_cArthur V. Killian, editor.
260 _aNew York :
_bNova Science Publishers,
_cc2009.
300 _axi, 349 p. :
_bill.
490 0 _aRenewable energy: research, development and policies
504 _aIncludes bibliographical references and index.
533 _aElectronic reproduction.
_bPalo Alto, Calif. :
_cebrary,
_d2013.
_nAvailable via World Wide Web.
_nAccess may be limited to ebrary affiliated libraries.
650 0 _aSolar collectors.
650 0 _aSolar energy.
655 7 _aElectronic books.
_2local
700 1 _aKillian, Arthur V.
710 2 _aebrary, Inc.
856 4 0 _uhttp://site.ebrary.com/lib/rucke/Doc?id=10661728
_zAn electronic book accessible through the World Wide Web; click to view
999 _c65921
_d65921